• 首页
  • 本馆介绍
  • 公告通知
  • 最新文献
  • 馆藏检索
  • 电子资源
  • 读者荐购
  • 参考咨询
  • CALIS
  • 我的图书馆
  • 登录
  • 详细信息显示
  • 放入我的书架
  • 预约/预借图书
  • 作者相关作品
  • 分类相关作品
  • 丛书相关作品
  • 出版社相关作品

书目信息

  • 表格格式
  • 工作单格式
  • 卡片格式
题名:
勘察设计注册土木工程师(道路公程)执业资格考试标准规范摘录汇编
    
 
作者: ;交通运输部职业资格中心
分册:   公路工程
出版信息: 北京   人民交通出版社股份有限公司  2022.06
页数: 629页
开本: 26cm
丛书名:
单 册:
中图分类: U41-65
科图分类:
主题词: 道路工程--dao lu gong cheng--标准--资格考试--自学参考资料
电子资源:
ISBN: 978-7-114-18002-6
 
 
 
 
 
000 01322nam0 2200217 450
001 011025154725
005 20221025154725.0
010    @a978-7-114-18002-6@dCNY200.00
100    @a20201004d2022 em y0chiy0110 ea
101 0  @achi
102    @aCN@b110000
105    @ay z 000yy
106    @ar
200 1  @a勘察设计注册土木工程师(道路公程)执业资格考试标准规范摘录汇编@Akan cha she ji zhu ce tu mu gong cheng shi dao lu gong cheng zhi ye zi ge kao shi biao zhun gui fan zhai lu hui bian@i公路工程@f交通运输部职业资格中心主编
210    @a北京@c人民交通出版社股份有限公司@d2022.06
215    @a629页@d26cm
330    @a本书主要介绍高速公路勘察设计方面的关键技术,主要内容包括:概述、总体设计、工程勘察、路线设计、路基/路面设计、桥梁/涵洞设计、隧道设计、互通式立交设计等。本书主要介绍秦巴山区高速公路勘察设计方面的关键技术,主要内容包括:概述、总体设计、工程勘察、路线设计、路基/路面设计、桥梁/涵洞设计、隧道设计、互通式立交设计等。本书主要介绍秦巴山区高速公路勘察设计方面的关键技术,主要内容包括:概述、总体设计、工程勘察、路线设计、路基/路面设计、桥梁/涵洞设计、隧道设计、互通式立交设计等。
606 0  @a道路工程@Adao lu gong cheng@x标准@x资格考试@j自学参考资料
690    @aU41-65@v5
711 02 @a交通运输部职业资格中心@Ajiao tong yun shu bu zhi ye zi ge zhong xin@主编
905    @a河南城建学院图书馆@dU41-65@eJ6511
    
    勘察设计注册土木工程师(道路公程)执业资格考试标准规范摘录汇编.公路工程/交通运输部职业资格中心主编.-北京:人民交通出版社股份有限公司,2022.06
    629页;26cm
    
    
    ISBN 978-7-114-18002-6:CNY200.00
    本书主要介绍高速公路勘察设计方面的关键技术,主要内容包括:概述、总体设计、工程勘察、路线设计、路基/路面设计、桥梁/涵洞设计、隧道设计、互通式立交设计等。本书主要介绍秦巴山区高速公路勘察设计方面的关键技术,主要内容包括:概述、总体设计、工程勘察、路线设计、路基/路面设计、桥梁/涵洞设计、隧道设计、互通式立交设计等。本书主要介绍秦巴山区高速公路勘察设计方面的关键技术,主要内容包括:概述、总体设计、工程勘察、路线设计、路基/路面设计、桥梁/涵洞设计、隧道设计、互通式立交设计等。
●
相关链接 在E读中查询图书 在当当中查询图书 在豆瓣中查询图书


正题名:勘察设计注册土木工程师(道路公程)执业资格     索取号:U41-65/J6511         预约/预借

序号 登录号 条形码 馆藏地/架位号 状态 备注
1 1591518   215915188   自科库501/ [索取号:U41-65/J6511] 在馆    
河南城建学院图书馆 欢迎您!
大连网信软件有限公司© 版权所有